00404pab a2200145 454500008004000000100002600040245007300066260000900139300001300148362001100161650002000172650001400192650001800206773003400224180718b2012 xxu||||| |||| 00| 0 eng d aDasgupta, Rajib et al aManaging childhood under nutrition: Role and scope of health service c2012 ap.15-18. a21 Apr aHealth services aNutrition aChild welfare aEconomic and Political Weekly